Engineering mathematics volume 2/ (Record no. 3198)

MARC details
000 -LEADER
fixed length control field 00642nam a22001817a 4500
003 - CONTROL NUMBER IDENTIFIER
control field OSt
005 - DATE AND TIME OF LATEST TRANSACTION
control field 20250620054048.0
008 - FIXED-LENGTH DATA ELEMENTS--GENERAL INFORMATION
fixed length control field 250620b |||||||| |||| 00| 0 eng d
020 ## - INTERNATIONAL STANDARD BOOK NUMBER
International Standard Book Number 971-8614-52-5
040 ## - CATALOGING SOURCE
Original cataloging agency DWCL - Main lib
Transcribing agency OC
100 ## - MAIN ENTRY--PERSONAL NAME
Personal name Gillesania, Diego Innocencio T.
245 ## - TITLE STATEMENT
Title Engineering mathematics volume 2/
Statement of responsibility, etc. Diego Innocencio T. Gillesania
260 ## - PUBLICATION, DISTRIBUTION, ETC.
Place of publication, distribution, etc. [no place of publication]
Name of publisher, distributor, etc. :GERTC review ,
Date of publication, distribution, etc. c2014.
300 ## - PHYSICAL DESCRIPTION
Extent viii, 706 pages :
Other physical details illustrations ;
Dimensions 22cm.
504 ## - BIBLIOGRAPHY, ETC. NOTE
Bibliography, etc. note Includes index.
650 ## - SUBJECT ADDED ENTRY--TOPICAL TERM
Topical term or geographic name entry element Mathematics - Engineering- Examinations, Questions etc.
942 ## - ADDED ENTRY ELEMENTS (KOHA)
Source of classification or shelving scheme Dewey Decimal Classification
Koha item type Book-Filipiniana
Edition Third edition
Call number prefix Fil.
Suppress in OPAC No
952 ## - LOCATION AND ITEM INFORMATION (KOHA)
--
Holdings
Withdrawn status Lost status Source of classification or shelving scheme Damaged status Not for loan Home library Current library Shelving location Date acquired Total Checkouts Full call number Barcode Date last seen Copy number Price effective from Koha item type Uniform Resource Identifier
    Dewey Decimal Classification     College Library College Library Filipiniana 05/15/2025   Fil. 510 G477e 2014 54519 06/20/2025 c2 06/20/2025 BK - FIL